|
|
|
|
| LEADER |
01231nam a2200313 a 4500 |
| 001 |
3981617 |
| 008 |
091027s1996 ii a b 000 0 eng d |
| 010 |
|
|
|a 95051260
|
| 020 |
|
|
|a 8170365376 (India-hb)
|
| 020 |
|
|
|a 8170365384 (India-pb)
|
| 020 |
|
|
|a 0803993021
|
| 020 |
|
|
|a 080399303X (pbk.)
|
| 040 |
|
|
|a DLC
|c DLC
|d DLC
|
| 082 |
0 |
0 |
|a 338.954
|2 20
|
| 245 |
0 |
0 |
|a Economic reforms and poverty alleviation in India /
|c edited by C.H. Hanumantha Rao and Hans Linnemann.
|
| 260 |
|
|
|a New Delhi ;
|a Thousand Oaks, Calif. :
|b Sage Publications,
|c 1996.
|
| 300 |
|
|
|a 271 p. :
|b ill. ;
|c 22 cm.
|
| 490 |
0 |
|
|a Indo-Dutch studies on development alternatives ;
|v 17
|
| 504 |
|
|
|a Includes bibliographical references.
|
| 541 |
1 |
|
|e 00008496
|
| 651 |
|
0 |
|a India
|x Economic conditions
|y 1947-
|
| 651 |
|
0 |
|a India
|x Economic policy
|y 1947-
|
| 650 |
|
0 |
|a Poverty
|z India.
|
| 650 |
|
0 |
|a Rural poor
|z India.
|
| 700 |
2 |
|
|a Hanumantha Rao, C. H.
|
| 700 |
1 |
|
|a Linnemann, Hans.
|
| 852 |
4 |
|
|a Ayesha Abed Library
|j General Shelf
|
| 999 |
|
|
|c 5368
|d 5368
|
| 952 |
|
|
|0 0
|1 0
|2 ddc
|4 0
|6 338_954000000000000_ECO_1996
|7 0
|9 5229
|a BRACUL
|b BRACUL
|c GEN
|d 2009-11-10
|g 0.00
|l 0
|o 338.954 ECO
|p 3010008496
|r 2009-11-10
|t 1
|w 2009-11-10
|y BK
|x No price found in the accession register.
|